000 00722cam a2200205 4500
008 000000n2000 000 0 eng u
020 _a0117023299
035 _a(Sirsi) u104596
110 _aProperty Advisers to the Civil Estate
_93610
245 _aGC/Works/7 (1999) : measured term contract : general conditions : model forms and commentary.
260 _aLondon
_bStationery Office
_c2000
300 _av, 80p. ; 30cm.
350 _a30.00
650 _aBUILT ENVIRONMENT-BUILDING CONTRACT FORMS-STANDARD FORMS OF BUILDING CONTRACT-GC/WORKS CONTRACTS
650 _aPACE
650 _aContracts
_96232
650 _aMEASURED TERM CONTRACT
690 _aBUILT ENVIRONMENT-BUILDING CONTRACT FORMS
942 _n0
999 _c100272
_d100272